Plant nutrition and soil fertility manual

Saved in:
Bibliographic Details
Main Author: JONES, J. Benton Jr
Format: Book
Language:English
Published: CRC Press 2012.
Tags: Add Tag
No Tags, Be the first to tag this record!

MARC

LEADER 00000nam a22000007a 4500
008 201216b ||||| |||| 00| 0 eng d
020 |a ISBN: 978-1-4398-1609-7 
100 |a JONES, J. Benton Jr. 
245 |a Plant nutrition and soil fertility manual  |c J. Benton Jones, Jr.  |g  xxi, 281p.; ill. 
250 |b .2nd ed 
260 |b CRC Press  |c 2012.  |h Boca Raton, FL  |i 689891  |l QK867 .J71  |m Plants – Nutrition – Handbooks, manuals, etc.  |m Soil fertility – Handbooks, manuals, etc. 
500 |a “It includes index and references”. 
942 |a lcc  |c BK  |e Olagoke,M A  |f 16/12/2020 
952 |0 0  |1 0  |2 lcc  |4 0  |6 QK0867 J71  |7 0  |9 575  |a HOL  |b RF  |c QZ  |d 2020-12-16  |l 0  |o QK867 .J71  |p 2020-22895  |r 2020-12-16 00:00:00  |w 2020-12-16  |y BK 
999 |c 317  |d 317